5HLuxD.jpg

KING HENRY VIII SENIOR AND PRIMARY SCHOOL LIBRARY OPAC

SURVIVING THE RIVER (Record no. 5063)

000 -LEADER
fixed length control field 00317nam a22001217a 4500
008 - FIXED-LENGTH DATA ELEMENTS--GENERAL INFORMATION
fixed length control field 250516b ||||| |||| 00| 0 eng d
020 ## - INTERNATIONAL STANDARD BOOK NUMBER
International Standard Book Number 9781482450750
082 ## - DEWEY DECIMAL CLASSIFICATION NUMBER
Classification number 613.6 SPI
100 ## - MAIN ENTRY--PERSONAL NAME
Personal name SPILSBURY,LOUISE
Relator term AUTHOR
245 ## - TITLE STATEMENT
Title SURVIVING THE RIVER
260 ## - PUBLICATION, DISTRIBUTION, ETC.
Place of publication, distribution, etc. NEW YORK
Name of publisher, distributor, etc. GARETH STEVENS PUBLISHING
Date of publication, distribution, etc. 2017
942 ## - ADDED ENTRY ELEMENTS (KOHA)
Source of classification or shelving scheme
Holdings
Withdrawn status Lost status Source of classification or shelving scheme Damaged status Not for loan Collection code Permanent Location Current Location Shelving location Date acquired Total Checkouts Full call number Barcode Date last seen Date last checked out Price effective from Koha item type Public note
          Non-Fiction KH8 Primary School Library KH8 Primary School Library Non Fiction 2025-05-16 2 613.6 SPI 3KHPL000002475 2026-03-02 2026-02-23 2025-05-16 Books - Non Ficton KH8 PRIMARY LIBRARY

Powered By KH8 IT Dept